书目信息 |
| 题名: |
迈克尔·杰克逊
|
|
| 作者: | 布朗 著 ;秦茂盛 , 孙长虹 译 | |
| 分册: | ||
| 出版信息: | 西安 西安交通大学出版社 2000.12 |
|
| 页数: | 241页 | |
| 开本: | 12×14cm | |
| 丛书名: | ||
| 单 册: | ||
| 中图分类: | J605 | |
| 科图分类: | ||
| 主题词: | 音乐--艺术理论 , 音乐学 , 音乐社会学 | |
| 电子资源: | ||
| ISBN: | 7-5605-1355-7 | |
| 000 | 00718nam0 2200241 45 | |
| 001 | 0459971006 | |
| 005 | 2004042816392633 | |
| 010 | @a7-5605-1355-7@dCNY 12.00 | |
| 100 | @a20040428d2000 km y0chiy0120 ea | |
| 101 | 0 | @achi |
| 102 | @aCN@b610000 | |
| 200 | 1 | @a迈克尔·杰克逊@AMai Ke Er·Jie Ke Xun@f(美)布朗著;秦茂盛,孙长虹译@F(mei)bu lang zhu;qin mao sheng,sun chang hong yi |
| 210 | @a西安@c西安交通大学出版社@d2000.12 | |
| 215 | @a241页@d12×14cm | |
| 606 | 0 | @a音乐@x艺术理论 |
| 606 | 0 | @a音乐学 |
| 606 | 0 | @a音乐社会学 |
| 690 | 1 | @aJ605@v4 |
| 701 | 0 | @a布朗@Abu lang@4著 |
| 702 | 0 | @a秦茂盛@Aqin mao sheng@4译 |
| 702 | 0 | @a孙长虹@Asun chang hong@4译 |
| 801 | 0 | @aCN@bPFT@c20040428 |
| 905 | @dJ605@eB982 | |
| 迈克尔·杰克逊/(美)布朗著;秦茂盛,孙长虹译.-西安:西安交通大学出版社,2000.12 |
| 241页;12×14cm |
| ISBN 7-5605-1355-7:CNY 12.00 |
| ● |
| 相关链接 |
|
|
|
正题名:迈克尔·杰克逊
索取号:J605/B982
 
预约/预借
| 序号 | 登录号 | 条形码 | 馆藏地/架位号 | 状态 | 备注 |
| 1 | 382510 | 203825101 | 社科库309/309社科库 91排1列1层/ [索取号:J605/B982] | 在馆 | |
| 2 | 382511 | 203825110 | 社科库309/309社科库 91排1列1层/ [索取号:J605/B982] | 在馆 | |
| 3 | 382512 | 203825129 | 社科库309/309社科库 91排1列1层/ [索取号:J605/B982] | 在馆 |